00555nam a2200181Ia 450000500170000000800410001704000190005804100120007708200150008910000300010424501020013426000280023630000160026450400190028065000450029965100190034485000100036320221126120041.0131103s9999 xx 000 0 und d aLoreto College aEnglish a821.8bROS aRossetti, William Michael 4aThe Poetical works of Christina Georgina Rossetti with memoir and notescWilliam Michael Rossetti aLondonbMacmillanc1928 alxxi,507p.  aIncludes index aRossetti, Christina Georgina - Biography aEnglish poetry aLCLIB